书目信息 |
| 题名: |
地下结构抗震
|
|
| 作者: | 郑永来 , 杨林德 , 李文艺 , 周健 编著 | |
| 分册: | ||
| 出版信息: | 上海 同济大学出版社 2005.08 |
|
| 页数: | 250页 | |
| 开本: | 26cm | |
| 丛书名: | 土木工程系列丛书 | |
| 单 册: | ||
| 中图分类: | TU52 | |
| 科图分类: | ||
| 主题词: | 地下工程--抗震设计 | |
| 电子资源: | ||
| ISBN: | 7-5608-2952-X | |
| 000 | 01025nam 2200289 450 | |
| 001 | 010251741453 | |
| 005 | 20051110090910.24 | |
| 010 | @a7-5608-2952-X@dCNY25.00 | |
| 100 | @a20051025d2005 km y0chiy0120 ea | |
| 101 | 0 | @achi |
| 102 | @aCN@b310000 | |
| 105 | @aa z 000yy | |
| 200 | 1 | @a地下结构抗震@Adi xia jie gou kang zhen@f郑永来 … [等] 编著@Fzheng yong lai…[deng]bian zhu |
| 210 | @a上海@c同济大学出版社@d2005.08 | |
| 215 | @a250页@c图@d26cm | |
| 225 | 2 | @a土木工程系列丛书 |
| 304 | @a本书著者还有杨林德, 李文艺, 周健。 | |
| 330 | @a本书论述地下结构震害及其特性,抗震计算与设计方法,抗震构造措施等,本书包含了作者近年来的研究成果,并结合我国实际示例介绍地下结构抗震原理及其分析计算方法。 | |
| 410 | 0 | @12001 @a土木工程系列丛书 |
| 606 | 0 | @a地下工程@x抗震设计 |
| 690 | @aTU52@v4 | |
| 701 | 0 | @a郑永来@Azheng yong lai@4编著 |
| 701 | 0 | @a杨林德@Ayang lin de@4编著 |
| 701 | 0 | @a李文艺@Ali wen yi@4编著 |
| 701 | 0 | @a周健@Azhou jian@4编著 |
| 801 | 0 | @aCN@bQSSK@c20051110 |
| 905 | @a10447@dTU52@eZ456 | |
| 地下结构抗震/郑永来 … [等] 编著.-上海:同济大学出版社,2005.08 |
| 250页:图;26cm.-(土木工程系列丛书) |
| ISBN 7-5608-2952-X:CNY25.00 |
| 本书论述地下结构震害及其特性,抗震计算与设计方法,抗震构造措施等,本书包含了作者近年来的研究成果,并结合我国实际示例介绍地下结构抗震原理及其分析计算方法。 |
| ● |
| 相关链接 |
|
|
|
正题名:地下结构抗震
索取号:TU52/Z456
 
预约/预借
| 序号 | 登录号 | 条形码 | 馆藏地/架位号 | 状态 | 备注 |
| 1 | 524019 | 205240194 | 建筑库201/201建筑库 6排3列5层/ [索取号:TU52/Z456] | 在馆 | |
| 2 | 524020 | 205240201 | 建筑库201/201建筑库 6排3列5层/ [索取号:TU52/Z456] | 在馆 | |
| 3 | 524021 | 205240210 | 建筑库201/201建筑库 6排3列5层/ [索取号:TU52/Z456] | 在馆 |